000 00565nam a22001937a 4500
003 KOHA_MİRAKIL
005 20251221122400.0
008 251221b tu ||||| |||| 00| 0 tur d
020 _a9786256885608
040 _aTR-AnABB
_btur
_cTR-AnABB
041 _atur
082 _a621.3221
_bATA 2023
100 1 _aAtakan, Yüksel,
245 1 0 _aGüneş ve rüzgar'dan elektrik bedava ve tertemiz mi? /
_cYüksel Atakan
260 _aİstanbul :
_bSarmal Kitabevi,
_c2023
300 _a228 sayfa :
_c20 cm
650 0 4 _aElektrik üretimi
942 _2ddc
_cBK
999 _c9816
_d9816
900 _bGizem YORULMAZ